Statistics for Ten Hottest Years on Record

Click here to take the quiz!

General Stats

  • This quiz has been taken 40 times
  • The average score is 8 of 10

Answer Stats

year% Correct
2016
90%
2018
90%
2013
86%
2014
86%
2015
86%
2017
86%
2010
72%
2005
69%
2009
66%
1998
34%

Score Distribution

Percentile by Number Answered

Percent of People with Each Score

Your Score History

You have not taken this quiz